<?xml version="1.0" encoding="UTF-8"?>
<record
    xmlns:xsi="http://www.w3.org/2001/XMLSchema-instance"
    xsi:schemaLocation="http://www.loc.gov/MARC21/slim http://www.loc.gov/standards/marcxml/schema/MARC21slim.xsd"
    xmlns="http://www.loc.gov/MARC21/slim">

  <leader>03166nam a2200553Ia 4500</leader>
  <controlfield tag="001">1766</controlfield>
  <controlfield tag="008">241029s9999    xx            000 0 und d</controlfield>
  <datafield tag="010" ind1=" " ind2=" ">
    <subfield code="a">1651</subfield>
  </datafield>
  <datafield tag="041" ind1=" " ind2=" ">
    <subfield code="a">Espa&#xF1;ol</subfield>
  </datafield>
  <datafield tag="082" ind1=" " ind2=" ">
    <subfield code="a">MA-AE 0004 FH 2000</subfield>
  </datafield>
  <datafield tag="245" ind1=" " ind2="0">
    <subfield code="a">Percepci&#xF3;n de la Pr&#xE1;ctica Docente como Componente del Programa del Profesorado de Educaci&#xF3;n B&#xE1;sica</subfield>
  </datafield>
  <datafield tag="260" ind1=" " ind2=" ">
    <subfield code="a">Santo Domingo</subfield>
  </datafield>
  <datafield tag="300" ind1=" " ind2=" ">
    <subfield code="a">85</subfield>
  </datafield>
  <datafield tag="520" ind1=" " ind2=" ">
    <subfield code="a">33</subfield>
  </datafield>
  <datafield tag="630" ind1=" " ind2=" ">
    <subfield code="a">Docentes Universitarios</subfield>
  </datafield>
  <datafield tag="630" ind1=" " ind2=" ">
    <subfield code="a">Percepci&#xF3;n</subfield>
  </datafield>
  <datafield tag="630" ind1=" " ind2=" ">
    <subfield code="a">Pr&#xE1;ctica Docente</subfield>
  </datafield>
  <datafield tag="630" ind1=" " ind2=" ">
    <subfield code="a">Programa de Estudios</subfield>
  </datafield>
  <datafield tag="650" ind1=" " ind2=" ">
    <subfield code="a">Capacitaci&#xF3;n Docente</subfield>
  </datafield>
  <datafield tag="690" ind1=" " ind2=" ">
    <subfield code="a">Sintetizado</subfield>
  </datafield>
  <datafield tag="700" ind1=" " ind2=" ">
    <subfield code="e">asesor</subfield>
    <subfield code="a">De los Santos, Saturnino </subfield>
  </datafield>
  <datafield tag="700" ind1=" " ind2=" ">
    <subfield code="e">autor</subfield>
    <subfield code="a">Carrasco Miranda, Mar&#xED;a de las Mercedes</subfield>
  </datafield>
  <datafield tag="901" ind1=" " ind2=" ">
    <subfield code="a">{"1":"Carrasco Miranda"}</subfield>
    <subfield code="b">{"1":"Mar&#xED;a de las Mercedes"}</subfield>
  </datafield>
  <datafield tag="902" ind1=" " ind2=" ">
    <subfield code="a">1</subfield>
  </datafield>
  <datafield tag="903" ind1=" " ind2=" ">
    <subfield code="a">{"1":"De los Santos"}</subfield>
    <subfield code="b">{"1":"Saturnino "}</subfield>
  </datafield>
  <datafield tag="904" ind1=" " ind2=" ">
    <subfield code="a">Mag&#xED;ster en</subfield>
  </datafield>
  <datafield tag="905" ind1=" " ind2=" ">
    <subfield code="a">Administraci&#xF3;n de la Educaci&#xF3;n</subfield>
  </datafield>
  <datafield tag="906" ind1=" " ind2=" ">
    <subfield code="a">2</subfield>
  </datafield>
  <datafield tag="907" ind1=" " ind2=" ">
    <subfield code="a">NO APLICA</subfield>
  </datafield>
  <datafield tag="908" ind1=" " ind2=" ">
    <subfield code="a">NO APLICA</subfield>
  </datafield>
  <datafield tag="909" ind1=" " ind2=" ">
    <subfield code="a">Universidad Aut&#xF3;noma de Santo Domingo (UASD)</subfield>
  </datafield>
  <datafield tag="910" ind1=" " ind2=" ">
    <subfield code="a">NULL</subfield>
    <subfield code="b">NULL</subfield>
  </datafield>
  <datafield tag="911" ind1=" " ind2=" ">
    <subfield code="a">["1"]</subfield>
  </datafield>
  <datafield tag="912" ind1=" " ind2=" ">
    <subfield code="a">NO APLICA</subfield>
  </datafield>
  <datafield tag="913" ind1=" " ind2=" ">
    <subfield code="a">NULL</subfield>
  </datafield>
  <datafield tag="914" ind1=" " ind2=" ">
    <subfield code="a">01 de Febrero de 2000</subfield>
  </datafield>
  <datafield tag="915" ind1=" " ind2=" ">
    <subfield code="a">NULL</subfield>
  </datafield>
  <datafield tag="916" ind1=" " ind2=" ">
    <subfield code="a">NULL</subfield>
  </datafield>
  <datafield tag="917" ind1=" " ind2=" ">
    <subfield code="a">NULL</subfield>
  </datafield>
  <datafield tag="918" ind1=" " ind2=" ">
    <subfield code="a">NO APLICA</subfield>
  </datafield>
  <datafield tag="919" ind1=" " ind2=" ">
    <subfield code="a">["71","284","246","168"]</subfield>
  </datafield>
  <datafield tag="520" ind1=" " ind2=" ">
    <subfield code="a">El prop&#xF3;sito de este estudio estuvo orientado a determinar la percepci&#xF3;n de la pertinencia y relevancia de la pr&#xE1;ctica docente como componente en el programa de formaci&#xF3;n de profesorado para la educaci&#xF3;n b&#xE1;sica en la escuela Normal Superior Juan Vicente Moscoso, e identificar y determinar el impacto que ha tenido la asignatura Pr&#xE1;ctica Docente en el desempe&#xF1;o de los egresados de dicha escuela.La investigaci&#xF3;n fue de tipo descriptivos, en base a una poblaci&#xF3;n de 510 egresados de los programas de formaci&#xF3;n inicial y capacitaci&#xF3;n de la escuela, de la cual se tom&#xF3; una muestra probabil&#xED;stica de 2007 egresados. Los datos fueron obtenidos mediante un cuestionario dise&#xF1;ado al efecto y analizados usando el paquete estad&#xED;stico para la ciencias sociales (SPSS/PC+).Los resultados revelan que la mayor&#xED;a de los encuestados no cursaron la asignatura Pr&#xE1;ctica docente durante su formaci&#xF3;n, aquellos que cursaron Pr&#xE1;cticas Docentes priorizan como los tres aspectos adquiridos: actitud cr&#xED;tica, manejo de grupos y manejo de contenidos; mientras que los que no cursaron esta asignatura priorizan: manejo de contenidos, conocimientos de la realidad y manejo de grupo. En otro sentido se determin&#xF3; que los que cursaron la asignatura la consideran significativa por que se obtiene: experiencia, conocimiento de la realidad escolar, destrezas, habilidades y relaciones significativas, as&#xED; como inter&#xE9;s por el alumno, seguridad en s&#xED; mismo, puntualidad y organizaci&#xF3;n del aula.El estudio recomienda incluir Pr&#xE1;cticas Docentes en todos los programas de formaci&#xF3;n independientemente de que sea para el servicio (formaci&#xF3;n inicial) o en servicio de profesionalizaci&#xF3;n permanente.</subfield>
  </datafield>
  <datafield tag="921" ind1=" " ind2=" ">
    <subfield code="a">16</subfield>
  </datafield>
  <datafield tag="922" ind1=" " ind2=" ">
    <subfield code="a">16</subfield>
  </datafield>
  <datafield tag="923" ind1=" " ind2=" ">
    <subfield code="a">0</subfield>
  </datafield>
  <datafield tag="924" ind1=" " ind2=" ">
    <subfield code="a">NO APLICA</subfield>
  </datafield>
  <datafield tag="942" ind1=" " ind2=" ">
    <subfield code="c">Tesis</subfield>
  </datafield>
  <datafield tag="999" ind1=" " ind2=" ">
    <subfield code="c">1651</subfield>
    <subfield code="d">1651</subfield>
  </datafield>
</record>
